Piłka nożna quiz #164 - Najmłodsi strzelcy reprezentacji Francji - Statystyki

Ogólne statystyki
  • Ten quiz został rozwiązany 210 razy
  • Średni wynik to 3 z 5
Statystyki odpowiedzi
Zawodnik Pozycja Data zdobycia bramki Wiek zawodnika % Poprawnych
Kylian Mbappé Środkowy napastnik 31.08.2017 18 lat 08 miesięcy 11 dni
100%
Eduardo Camavinga Środkowy pomocnik 07.10.2020 17 lat 10 miesięcy 27 dni
50%
Karim Benzema Środkowy napastnik 28.03.2007 19 lat 03 miesięcy 09 dni
47%
Warren Zaïre-Emery Środkowy pomocnik 18.11.2023 17 lat 08 miesięcy 10 dni
47%
Kingsley Coman Lewy skrzydłowy 29.03.2016 19 lat 09 miesięcy 16 dni
35%
Nie znaleziono quizów pasujących do podanych kryteriów
Rozkład punktacji
Procent ludzi z każdym wynikiem
Percentyl według liczby udzielonych odpowiedzi
Twoja historia wyników
Nie rozwiązałeś tego quizu